000 00475nam a2200181Ia 4500
008 230917s9999||||xx |||||||||||||| ||und||
020 _cGBP58.99
040 _e241360
_aMAIN
041 _aEnglish
082 _a658 R534F(1)
100 _aRobbins, Stephen P
245 0 _aFundamentals of management
250 _a10th ed.
260 _aBoston
_bPearson
_c2017
300 _a528 p.
500 _a2798 27/07/2017 PBA17/520 27/07/2017 IMSAR (Dev. & Research)
942 _cBK
999 _c23359
_d23359